Slice of life : (Record no. 5076)

MARC details
000 -LEADER
fixed length control field 00491 a2200169 4500
010 ## - LCCN (DPL NO)
LC control number ENG-86721
020 ## - INTERNATIONAL STANDARD BOOK NUMBER
Terms of availability 295.00
035 ## - SYSTEM CONTROL NUMBER
System control number EN-70254
037 ## - SOURCE OF ACQUISITION
Source of stock number/acquisition DBAD / PUB
082 14 - DEWEY DECIMAL CLASSIFICATION NUMBER
Classification number S
245 1# - TITLE STATEMENT
Title Slice of life :
Statement of responsibility, etc translated by Rana Nayar
Remainder of title punjabi short fiction - 1901-2000 /
260 ## - PUBLICATION, DISTRIBUTION, ETC. (IMPRINT)
Place of publication, distribution, etc Chandigarh
Name of publisher, distributor, etc Unistar Books
Date of publication, distribution, etc 2006
270 ## - ADDRESS
Address S.C.O. 26-27, Sector 34 A, Chandigarh
City Chandigarh
Postal code 160 022
300 ## - PHYSICAL DESCRIPTION
Extent 204p
Dimensions 21cm (Hb)
700 ## - ADDED ENTRY--PERSONAL NAME
Personal name Nayar, Rana
942 ## - ADDED ENTRY ELEMENTS (KOHA)
Institution code [OBSOLETE] dpl
Item type English Books
Source of classification or shelving scheme Dewey Decimal Classification
Classification part S
Call number suffix SLI
Holdings
Withdrawn status Lost status Not for loan Collection code Home library Current library Source of acquisition Cost, normal purchase price Full call number Barcode Copy number Cost, replacement price Koha item type
    Not For Loan Fiction D.B.Act.Division D.B.Act.Division DBAD/PUB 295.00 S SLI EN-70254 1 295.00 English Books

© Delhi Public Library
Hit Counter
free hit counter